Introduction to experimental infrared spectroscopy: Fundamentals and practical methods (Record no. 1213727)

MARC details
000 -LEADER
fixed length control field 00827nam a2200253Ia 4500
003 - CONTROL NUMBER IDENTIFIER
control field OSt
005 - DATE AND TIME OF LATEST TRANSACTION
control field 20221007124545.0
008 - FIXED-LENGTH DATA ELEMENTS--GENERAL INFORMATION
fixed length control field 221006b |||||||| |||| 00| 0 eng d
020 ## - INTERNATIONAL STANDARD BOOK NUMBER
International Standard Book Number 9780470665671 (pbk)
037 ## - SOURCE OF ACQUISITION
Terms of availability Textual
040 ## - CATALOGING SOURCE
Original cataloging agency CDL
Transcribing agency CDL
Language of cataloging eng
041 ## - LANGUAGE CODE
Source of code eng
Language code of text/sound track or separate title eng
100 ## - MAIN ENTRY--PERSONAL NAME
Personal name Tasumi Mitsuo
9 (RLIN) 719596
245 #0 - TITLE STATEMENT
Title Introduction to experimental infrared spectroscopy: Fundamentals and practical methods
260 ## - PUBLICATION, DISTRIBUTION, ETC.
Place of publication, distribution, etc. West
Name of publisher, distributor, etc. Sussex Wiley
Date of publication, distribution, etc. 2015
300 ## - PHYSICAL DESCRIPTION
Extent xii, 389p. ill.
Dimensions cm.
500 ## - GENERAL NOTE
General note Appendix A-F 335-374p.; Index 375-389p.
942 ## - ADDED ENTRY ELEMENTS (KOHA)
Classification part C56:3, Q5 Carc
Koha item type Textual
Source of classification or shelving scheme Colon Classification (CC)
Holdings
Withdrawn status Lost status Source of classification or shelving scheme Damaged status Not for loan Home library Current library Date acquired Source of acquisition Total Checkouts Full call number Barcode Date last seen Price effective from Koha item type
    Colon Classification (CC)     Department of Chemistry Library Department of Chemistry Library 2022-10-07 284, 06/02/2015, Vardhman Books   C56:3 Q5 Carc CD0008686 2022-10-07 2022-10-07 Textual
Copyright @ Delhi University Library System